| 000 | 00357nam a22001577a 4500 | ||
|---|---|---|---|
| 999 |
_c10739 _d10739 |
||
| 003 | OSt | ||
| 008 | 210723b ||||| |||| 00| 0 eng d | ||
| 020 | _a9780367575465 | ||
| 082 | _a629.892 SAC | ||
| 100 | _aSAMANI,Hooman | ||
| 245 | _aCognitive Robotics | ||
| 260 |
_aNew Delhi _bCRC Press _c2016 |
||
| 300 | _a220 | ||
| 650 | _aME | ||
| 942 |
_2ddc _cBK _01 |
||